[Event "World Chess Olympiad 2018"]
[Site "Batumi"]
[Date "2018.09.27"]
[Round "4"]
[Board "4"]
[WhiteFideId "2301318"]
[White "Kjartansson Gudmundur"]
[BlackFideId "1509500"]
[Black "Salomon Johan"]
[Result "0-1"]
[LiveChessVersion "1.4.8"]
[BlackElo "2477"]
[WhiteElo "2428"]

1. d4 {[%clk 1:30:56]} Nf6 {[%clk 1:30:57]} 2. c4 {[%clk 1:31:20]} e6
{[%clk 1:31:25]} 3. Nc3 {[%clk 1:31:33]} Bb4 {[%clk 1:31:48]} 4. Nf3
{[%clk 1:31:33]} d5 {[%clk 1:31:32]} 5. Qa4+ {[%clk 1:31:38]} Nc6
{[%clk 1:31:56]} 6. e3 {[%clk 1:32:00]} O-O {[%clk 1:32:19]} 7. Qc2
{[%clk 1:32:08]} b6 {[%clk 1:32:41]} 8. a3 {[%clk 1:16:42]} Bxc3+
{[%clk 1:32:42]} 9. bxc3 {[%clk 1:14:58]} Ba6 {[%clk 1:29:36]} 10. cxd5
{[%clk 1:04:20]} Bxf1 {[%clk 1:29:36]} 11. Kxf1 {[%clk 1:03:34]} exd5
{[%clk 1:30:01]} 12. c4 {[%clk 1:01:36]} Na5 {[%clk 1:06:19]} 13. cxd5
{[%clk 0:52:13]} Qxd5 {[%clk 1:06:33]} 14. Bd2 {[%clk 0:49:53]} Nc4
{[%clk 1:05:49]} 15. Ke2 {[%clk 0:45:21]} Ne4 {[%clk 0:56:55]} 16. Bb4
{[%clk 0:30:28]} Rfe8 {[%clk 0:55:28]} 17. Rhc1 {[%clk 0:30:44]} b5
{[%clk 0:54:59]} 18. a4 {[%clk 0:27:53]} a6 {[%clk 0:36:13]} 19. axb5
{[%clk 0:22:59]} axb5 {[%clk 0:36:40]} 20. Kf1 {[%clk 0:21:22]} h6
{[%clk 0:36:28]} 21. Kg1 {[%clk 0:19:47]} Rxa1 {[%clk 0:27:07]} 22. Rxa1
{[%clk 0:20:12]} Re6 {[%clk 0:27:26]} 23. Ra7 {[%clk 0:13:56]} Rc6
{[%clk 0:23:32]} 24. Bc5 {[%clk 0:04:53]} f5 {[%clk 0:20:42]} 25. Rb7
{[%clk 0:03:34]} Kh7 {[%clk 0:16:57]} 26. Rxb5 {[%clk 0:02:07]} Rg6
{[%clk 0:13:23]} 27. Kf1 {[%clk 0:00:34]} Ra6 {[%clk 0:10:34]} 28. Rb1
{[%clk 0:00:32]} Ra2 {[%clk 0:10:26]} 29. Qd1 {[%clk 0:00:31]} Rxf2+
{[%clk 0:10:04]} 30. Kg1 {[%clk 0:00:53]} Nxe3 {[%clk 0:09:58]} 0-1

[Event "World Chess Olympiad 2018"]
[Site "Batumi"]
[Date "2018.09.27"]
[Round "4"]
[Board "1"]
[WhiteFideId "8700281"]
[White "Kayonde Andrew"]
[BlackFideId "14403803"]
[Black "Kadric Denis"]
[Result "0-1"]
[LiveChessVersion "1.4.8"]
[BlackElo "2543"]
[WhiteElo "2393"]

1. d4 {[%clk 1:29:38]} d6 {[%clk 1:30:58]} 2. c4 {[%clk 1:29:33]} e5
{[%clk 1:31:11]} 3. d5 {[%clk 1:29:15]} g6 {[%clk 1:31:13]} 4. e4
{[%clk 1:28:50]} a5 {[%clk 1:31:39]} 5. h4 {[%clk 1:20:41]} h5 {[%clk 1:31:42]}
6. Nc3 {[%clk 1:20:49]} Na6 {[%clk 1:32:10]} 7. Bd3 {[%clk 1:20:52]} Nc5
{[%clk 1:32:01]} 8. Bc2 {[%clk 1:21:14]} Bh6 {[%clk 1:32:26]} 9. Nge2
{[%clk 1:20:58]} Bd7 {[%clk 1:32:32]} 10. Bxh6 {[%clk 1:17:38]} Nxh6
{[%clk 1:33:00]} 11. Qd2 {[%clk 1:17:57]} Qe7 {[%clk 1:23:05]} 12. Qg5
{[%clk 1:17:53]} Kf8 {[%clk 1:20:41]} 13. f3 {[%clk 1:12:13]} Re8
{[%clk 1:20:14]} 14. Ng3 {[%clk 1:11:42]} Qxg5 {[%clk 1:19:32]} 15. hxg5
{[%clk 1:11:58]} Ng8 {[%clk 1:20:02]} 16. O-O-O {[%clk 1:01:52]} f6
{[%clk 1:18:37]} 17. gxf6 {[%clk 1:01:00]} Nxf6 {[%clk 1:19:04]} 18. Nf1
{[%clk 0:59:57]} Ke7 {[%clk 1:16:32]} 19. Ne3 {[%clk 0:59:58]} g5
{[%clk 1:16:51]} 20. Ne2 {[%clk 0:56:31]} h4 {[%clk 1:15:39]} 21. g4
{[%clk 0:53:57]} Nh7 {[%clk 1:14:13]} 22. Rdf1 {[%clk 0:52:32]} Ref8
{[%clk 1:12:16]} 23. Kd2 {[%clk 0:52:08]} Rf7 {[%clk 1:12:43]} 24. Ng1
{[%clk 0:49:36]} Nf8 {[%clk 1:11:44]} 25. Nh3 {[%clk 0:49:35]} Kf6
{[%clk 1:12:11]} 26. b3 {[%clk 0:48:56]} Ng6 {[%clk 1:12:10]} 27. a3
{[%clk 0:49:12]} b5 {[%clk 1:08:06]} 28. b4 {[%clk 0:41:07]} axb4
{[%clk 1:08:16]} 29. axb4 {[%clk 0:41:36]} Na6 {[%clk 1:08:43]} 30. cxb5
{[%clk 0:41:44]} Bxb5 {[%clk 1:08:08]} 31. Ra1 {[%clk 0:40:18]} Nxb4
{[%clk 0:57:57]} 32. Ba4 {[%clk 0:40:13]} Ba6 {[%clk 0:57:27]} 33. Ra3
{[%clk 0:34:52]} Nf4 {[%clk 0:40:06]} 34. Nxf4 {[%clk 0:33:15]} exf4
{[%clk 0:40:30]} 35. Nf5 {[%clk 0:32:37]} Rb8 {[%clk 0:38:39]} 36. Nd4
{[%clk 0:31:13]} Rh7 {[%clk 0:35:33]} 37. Rb1 {[%clk 0:28:33]} h3
{[%clk 0:33:54]} 38. Rab3 {[%clk 0:21:30]} h2 {[%clk 0:28:28]} 39. Rh1
{[%clk 0:20:34]} Bf1 {[%clk 0:28:50]} 40. Rxf1 {[%clk 0:46:09]} h1=Q
{[%clk 0:58:38]} 41. Rxh1 {[%clk 0:46:35]} Rxh1 {[%clk 0:59:06]} 42. Bb5
{[%clk 0:46:42]} Rh2+ {[%clk 0:59:10]} 43. Kc3 {[%clk 0:46:40]} Na2+
{[%clk 0:58:22]} 44. Kc4 {[%clk 0:47:04]} Nc1 {[%clk 0:56:56]} 45. Ra3
{[%clk 0:45:45]} Rd2 {[%clk 0:56:29]} 46. Bc6 {[%clk 0:43:32]} Rb1
{[%clk 0:49:14]} 47. Ra8 {[%clk 0:43:18]} Na2 {[%clk 0:49:17]} 48. Rf8+
{[%clk 0:39:33]} Ke7 {[%clk 0:49:43]} 49. Re8+ {[%clk 0:39:52]} Kf7
{[%clk 0:50:11]} 0-1

[Event "World Chess Olympiad 2018"]
[Site "Batumi"]
[Date "2018.09.27"]
[Round "4"]
[Board "2"]
[WhiteFideId "922692"]
[White "Stojanovic Dalibor"]
[BlackFideId "8700680"]
[Black "Munenga Douglas D"]
[Result "1-0"]
[LiveChessVersion "1.4.8"]
[BlackElo "2273"]
[WhiteElo "2492"]

1. e4 {[%clk 1:30:55]} c5 {[%clk 1:27:44]} 2. Nf3 {[%clk 1:29:53]} e6
{[%clk 1:27:17]} 3. d4 {[%clk 1:29:50]} cxd4 {[%clk 1:27:41]} 4. Nxd4
{[%clk 1:30:16]} a6 {[%clk 1:27:38]} 5. Bd3 {[%clk 1:29:26]} Qc7 {[%clk 1:27:52]}
6. O-O {[%clk 1:27:08]} Nf6 {[%clk 1:26:22]} 7. Qe2 {[%clk 1:27:10]} d6
{[%clk 1:18:29]} 8. f4 {[%clk 1:23:56]} Nc6 {[%clk 1:18:41]} 9. Nxc6
{[%clk 1:22:09]} bxc6 {[%clk 1:15:47]} 10. Nd2 {[%clk 1:16:44]} d5
{[%clk 1:13:31]} 11. c4 {[%clk 1:05:09]} Be7 {[%clk 1:06:48]} 12. e5
{[%clk 0:59:02]} Nd7 {[%clk 1:07:06]} 13. Nf3 {[%clk 0:58:58]} O-O
{[%clk 1:04:56]} 14. Be3 {[%clk 0:54:41]} Bb7 {[%clk 0:55:17]} 15. Qc2
{[%clk 0:51:53]} g6 {[%clk 0:53:15]} 16. cxd5 {[%clk 0:47:47]} exd5
{[%clk 0:53:36]} 17. e6 {[%clk 0:42:12]} fxe6 {[%clk 0:41:37]} 18. Bxg6
{[%clk 0:40:53]} Nf6 {[%clk 0:41:38]} 19. Ng5 {[%clk 0:34:01]} Bd6
{[%clk 0:38:44]} 20. Bxh7+ {[%clk 0:27:21]} Nxh7 {[%clk 0:20:28]} 21. Qg6+
{[%clk 0:27:36]} Qg7 {[%clk 0:20:08]} 22. Qxe6+ {[%clk 0:27:52]} Kh8
{[%clk 0:18:40]} 23. Qxd6 {[%clk 0:27:13]} Rae8 {[%clk 0:17:39]} 24. Ne6
{[%clk 0:21:49]} Rxe6 {[%clk 0:18:03]} 25. Qxe6 {[%clk 0:22:16]} d4
{[%clk 0:18:31]} 26. Bf2 {[%clk 0:22:21]} c5 {[%clk 0:18:33]} 27. Bg3
{[%clk 0:22:47]} d3 {[%clk 0:17:24]} 28. f5 {[%clk 0:19:25]} Ng5 {[%clk 0:05:32]}
29. f6 {[%clk 0:15:46]} Nxe6 {[%clk 0:03:57]} 30. fxg7+ {[%clk 0:16:11]} Kxg7
{[%clk 0:04:09]} 31. Be5+ {[%clk 0:16:05]} Kg6 {[%clk 0:03:58]} 32. Rxf8
{[%clk 0:16:31]} Nxf8 {[%clk 0:04:26]} 33. Bc3 {[%clk 0:14:39]} Ne6
{[%clk 0:03:35]} 34. Rf1 {[%clk 0:14:34]} Bd5 {[%clk 0:04:03]} 35. b3
{[%clk 0:14:13]} c4 {[%clk 0:02:02]} 36. h4 {[%clk 0:08:15]} cxb3
{[%clk 0:01:50]} 37. axb3 {[%clk 0:08:42]} Bxb3 {[%clk 0:01:48]} 38. g4
{[%clk 0:08:11]} Nc5 {[%clk 0:02:03]} 39. Rf6+ {[%clk 0:07:22]} Kh7
{[%clk 0:01:32]} 40. Rd6 {[%clk 0:36:48]} Bc2 {[%clk 0:30:39]} 41. g5
{[%clk 0:36:50]} Ne4 {[%clk 0:30:52]} 42. g6+ {[%clk 0:37:09]} Kh6
{[%clk 0:30:23]} 43. g7+ {[%clk 0:37:30]} Kh7 {[%clk 0:30:49]} 44. Rh6+
{[%clk 0:37:37]} 1-0

[Event "World Chess Olympiad 2018"]
[Site "Batumi"]
[Date "2018.09.27"]
[Round "4"]
[Board "3"]
[WhiteFideId "8701709"]
[White "Kaulule Siame Kela"]
[BlackFideId "14402661"]
[Black "Marjanovic Dejan"]
[Result "0-1"]
[LiveChessVersion "1.4.8"]
[BlackElo "2382"]
[WhiteElo "2160"]

1. d4 {[%clk 1:30:57]} d5 {[%clk 1:30:39]} 2. Bg5 {[%clk 1:30:02]} f6
{[%clk 1:27:57]} 3. Bh4 {[%clk 1:30:15]} Nh6 {[%clk 1:27:25]} 4. f3
{[%clk 1:30:31]} Nf5 {[%clk 1:27:16]} 5. Bf2 {[%clk 1:30:36]} Nc6
{[%clk 1:26:26]} 6. g4 {[%clk 1:21:00]} Nd6 {[%clk 1:24:42]} 7. Nc3
{[%clk 1:20:56]} Nc4 {[%clk 1:09:20]} 8. e4 {[%clk 1:12:27]} Nb6 {[%clk 1:09:05]}
9. a4 {[%clk 1:04:31]} a5 {[%clk 1:04:53]} 10. Nb5 {[%clk 1:03:10]} Nb4
{[%clk 0:57:35]} 11. c3 {[%clk 0:47:54]} Na6 {[%clk 0:57:39]} 12. Bd3
{[%clk 0:47:36]} c6 {[%clk 0:53:06]} 13. Na3 {[%clk 0:45:06]} Be6
{[%clk 0:48:25]} 14. h3 {[%clk 0:42:09]} Bf7 {[%clk 0:45:45]} 15. Ne2 e6
{[%clk 0:43:57]} 16. Qb3 {[%clk 0:37:20]} Bd6 {[%clk 0:41:00]} 17. exd5
{[%clk 0:34:26]} exd5 {[%clk 0:35:32]} 18. Bg3 {[%clk 0:22:26]} Bxg3+
{[%clk 0:31:46]} 19. Nxg3 {[%clk 0:22:53]} Qc7 {[%clk 0:31:04]} 20. Kf2
{[%clk 0:20:16]} O-O-O {[%clk 0:28:46]} 21. Rae1 {[%clk 0:20:02]} g6
{[%clk 0:27:24]} 22. Re2 {[%clk 0:19:27]} Rde8 {[%clk 0:20:50]} 23. Rhe1
{[%clk 0:19:12]} Rxe2+ {[%clk 0:18:18]} 24. Rxe2 {[%clk 0:19:39]} Rg8
{[%clk 0:16:47]} 25. Qd1 {[%clk 0:18:44]} Qd6 {[%clk 0:14:08]} 26. Nb1
{[%clk 0:18:14]} Nc7 {[%clk 0:14:24]} 27. b3 {[%clk 0:16:19]} Ne6
{[%clk 0:12:16]} 28. Re3 {[%clk 0:16:18]} h5 {[%clk 0:11:26]} 29. Qh1
{[%clk 0:14:41]} Kb8 {[%clk 0:09:37]} 30. Nd2 {[%clk 0:10:22]} Ka7
{[%clk 0:09:30]} 31. Qh2 {[%clk 0:06:04]} Rh8 {[%clk 0:07:07]} 32. gxh5
{[%clk 0:06:10]} Rxh5 {[%clk 0:07:09]} 33. Ndf1 {[%clk 0:05:39]} Rh8
{[%clk 0:05:42]} 34. Ne2 {[%clk 0:05:26]} Qd7 {[%clk 0:03:07]} 35. f4
{[%clk 0:03:16]} Nc8 {[%clk 0:02:44]} 36. f5 {[%clk 0:03:09]} gxf5
{[%clk 0:02:28]} 37. Bxf5 {[%clk 0:03:10]} Nd6 {[%clk 0:02:57]} 38. Bxe6
{[%clk 0:02:09]} Bxe6 {[%clk 0:03:25]} 39. Ke1 {[%clk 0:01:24]} Rxh3
{[%clk 0:01:57]} 40. Rxh3 {[%clk 0:30:54]} Bxh3 {[%clk 0:32:10]} 41. Ne3
{[%clk 0:30:09]} Bf5 {[%clk 0:23:11]} 42. Qf4 {[%clk 0:26:23]} Bd3
{[%clk 0:21:35]} 43. Ng3 {[%clk 0:23:13]} Qe6 {[%clk 0:21:14]} 44. Kd2
{[%clk 0:22:49]} Bg6 {[%clk 0:20:34]} 45. Ng4 {[%clk 0:20:08]} Bf5
{[%clk 0:14:28]} 46. Ne3 {[%clk 0:19:38]} Bb1 {[%clk 0:13:37]} 47. Kc1
{[%clk 0:17:51]} Bg6 {[%clk 0:13:43]} 48. Kd2 {[%clk 0:15:11]} Qe7
{[%clk 0:11:24]} 49. Ng4 {[%clk 0:13:12]} Ne4+ {[%clk 0:10:13]} 50. Nxe4
{[%clk 0:12:17]} Bxe4 {[%clk 0:10:39]} 51. Nxf6 {[%clk 0:11:42]} Qa3
{[%clk 0:09:29]} 52. Nd7 {[%clk 0:06:03]} Qb2+ {[%clk 0:08:25]} 53. Kd1
{[%clk 0:05:31]} Qc2+ {[%clk 0:08:12]} 54. Ke1 {[%clk 0:05:24]} Qxc3+
{[%clk 0:08:38]} 55. Kf2 {[%clk 0:05:12]} Qxd4+ {[%clk 0:07:48]} 56. Ke1
{[%clk 0:05:38]} Qc3+ {[%clk 0:05:58]} 57. Kf2 {[%clk 0:06:03]} Qb2+
{[%clk 0:03:46]} 58. Ke1 {[%clk 0:06:18]} Qh8 {[%clk 0:02:20]} 59. Kd2
{[%clk 0:02:27]} Qd8 {[%clk 0:01:45]} 60. Qf2+ {[%clk 0:00:35]} b6
{[%clk 0:01:57]} 61. Qf7 {[%clk 0:00:57]} Qg5+ {[%clk 0:01:01]} 62. Ke2
{[%clk 0:00:50]} Qg2+ {[%clk 0:01:14]} 63. Ke3 {[%clk 0:00:49]} Qg1+
{[%clk 0:01:30]} 64. Ke2 {[%clk 0:01:03]} Qh2+ {[%clk 0:01:02]} 65. Ke3
{[%clk 0:01:13]} Qc7 {[%clk 0:01:09]} 66. Kf2 {[%clk 0:00:31]} Bg6
{[%clk 0:01:21]} 67. Qxg6 {[%clk 0:00:40]} Qxd7 {[%clk 0:01:43]} 68. Qf6
{[%clk 0:00:53]} c5 {[%clk 0:01:46]} 69. Qe5 {[%clk 0:00:32]} c4 {[%clk 0:01:45]}
70. bxc4 {[%clk 0:00:33]} dxc4 {[%clk 0:02:08]} 71. Ke1 {[%clk 0:00:35]} Ka6
{[%clk 0:01:17]} 72. Qe4 {[%clk 0:00:31]} Qxa4 {[%clk 0:01:12]} 73. Qa8+
{[%clk 0:00:35]} Kb5 {[%clk 0:01:37]} 74. Kd2 {[%clk 0:00:45]} Qa2+
{[%clk 0:01:55]} 75. Kc1 {[%clk 0:00:56]} Ka4 {[%clk 0:01:43]} 76. Qc6+
{[%clk 0:00:34]} b5 {[%clk 0:02:08]} 77. Qd5 {[%clk 0:00:35]} Qa3+
{[%clk 0:02:27]} 0-1

[Event "World Chess Olympiad 2018"]
[Site "Batumi"]
[Date "2018.09.27"]
[Round "4"]
[Board "4"]
[WhiteFideId "14407701"]
[White "Burovic Rijad"]
[BlackFideId "8701776"]
[Black "Mulenga Prince Daniel"]
[Result "1-0"]
[LiveChessVersion "1.4.8"]
[BlackElo "2237"]
[WhiteElo "2380"]

1. e4 {[%clk 1:30:42]} Nf6 {[%clk 1:30:23]} 2. e5 {[%clk 1:27:34]} Nd5
{[%clk 1:30:42]} 3. d4 {[%clk 1:27:50]} d6 {[%clk 1:31:08]} 4. Nf3
{[%clk 1:27:51]} g6 {[%clk 1:31:27]} 5. Bc4 {[%clk 1:22:42]} Nb6 {[%clk 1:30:15]}
6. Bb3 {[%clk 1:21:33]} Bg7 {[%clk 1:30:40]} 7. O-O {[%clk 1:12:28]} O-O
{[%clk 1:29:41]} 8. a4 {[%clk 1:08:11]} a5 {[%clk 1:29:33]} 9. Qe2
{[%clk 0:58:16]} Nc6 {[%clk 1:17:31]} 10. c3 {[%clk 0:54:09]} Bg4
{[%clk 1:10:40]} 11. exd6 {[%clk 0:32:27]} cxd6 {[%clk 1:06:54]} 12. h3
{[%clk 0:32:10]} Bf5 {[%clk 1:06:04]} 13. Na3 {[%clk 0:31:43]} Re8
{[%clk 1:03:22]} 14. Bf4 {[%clk 0:28:42]} e5 {[%clk 1:01:31]} 15. dxe5 dxe5
{[%clk 1:00:56]} 16. Rad1 {[%clk 0:26:04]} Nd7 {[%clk 0:58:20]} 17. Bxf7+
{[%clk 0:20:05]} Kxf7 {[%clk 0:50:50]} 18. Ng5+ {[%clk 0:20:04]} Ke7
{[%clk 0:39:47]} 19. Qc4 {[%clk 0:18:30]} Rf8 {[%clk 0:34:35]} 20. Be3
{[%clk 0:17:28]} Qb8 {[%clk 0:15:31]} 21. Bc5+ {[%clk 0:08:07]} Nxc5
{[%clk 0:13:27]} 22. Qxc5+ {[%clk 0:08:26]} Ke8 {[%clk 0:13:40]} 23. Nb5
{[%clk 0:07:05]} Rf6 {[%clk 0:13:04]} 24. Qc4 {[%clk 0:05:04]} Ke7
{[%clk 0:07:17]} 25. g4 {[%clk 0:04:15]} b6 {[%clk 0:03:45]} 26. Nxh7
{[%clk 0:01:44]} Qg8 {[%clk 0:01:42]} 27. Qxg8 {[%clk 0:01:10]} Rxg8
{[%clk 0:01:58]} 28. Nxf6 {[%clk 0:01:32]} 1-0

[Event "World Chess Olympiad 2018"]
[Site "Batumi"]
[Date "2018.09.27"]
[Round "4"]
[Board "1"]
[WhiteFideId "14603152"]
[White "Borisek Jure"]
[BlackFideId "4692055"]
[Black "Bogner Sebastian"]
[Result "0-1"]
[LiveChessVersion "1.4.8"]
[BlackElo "2619"]
[WhiteElo "2578"]

1. e4 {[%clk 1:30:55]} e5 {[%clk 1:30:56]} 2. Nf3 {[%clk 1:31:21]} Nf6
{[%clk 1:31:21]} 3. Nxe5 {[%clk 1:31:27]} d6 {[%clk 1:31:46]} 4. Nf3
{[%clk 1:31:49]} Nxe4 {[%clk 1:32:10]} 5. Nc3 {[%clk 1:32:15]} Nxc3
{[%clk 1:32:35]} 6. dxc3 {[%clk 1:32:42]} Be7 {[%clk 1:32:57]} 7. Be3
{[%clk 1:33:08]} O-O {[%clk 1:32:57]} 8. Qd2 {[%clk 1:33:21]} Nd7
{[%clk 1:33:22]} 9. O-O-O {[%clk 1:33:39]} Re8 {[%clk 1:33:36]} 10. h4
{[%clk 1:24:02]} Nf6 {[%clk 1:33:45]} 11. Bd3 {[%clk 1:15:45]} d5
{[%clk 1:30:52]} 12. Ng5 {[%clk 1:08:51]} h6 {[%clk 1:30:54]} 13. f3
{[%clk 1:09:14]} c5 {[%clk 1:29:10]} 14. g4 {[%clk 1:09:41]} Qa5 {[%clk 1:15:31]}
15. Kb1 {[%clk 1:02:22]} c4 {[%clk 1:02:19]} 16. Be2 {[%clk 0:59:52]} Bc5
{[%clk 0:55:24]} 17. Bxc5 {[%clk 0:52:33]} Qxc5 {[%clk 0:55:49]} 18. Nh3
{[%clk 0:52:50]} Qe3 {[%clk 0:56:06]} 19. Nf4 {[%clk 0:50:55]} Qxd2
{[%clk 0:56:06]} 20. Rxd2 {[%clk 0:51:20]} Re5 {[%clk 0:51:35]} 21. g5
{[%clk 0:46:45]} Rf5 {[%clk 0:51:40]} 22. Rd4 {[%clk 0:45:10]} hxg5
{[%clk 0:49:17]} 23. hxg5 {[%clk 0:45:38]} Rxg5 {[%clk 0:49:39]} 24. Bxc4
{[%clk 0:45:47]} Be6 {[%clk 0:49:02]} 25. Nxd5 {[%clk 0:41:11]} Rxd5
{[%clk 0:49:07]} 26. Bxd5 {[%clk 0:41:13]} Bxd5 {[%clk 0:49:33]} 27. Rdh4
{[%clk 0:41:37]} Kf8 {[%clk 0:49:57]} 28. Rf1 {[%clk 0:38:13]} Re8
{[%clk 0:48:13]} 29. c4 {[%clk 0:37:27]} Bxf3 {[%clk 0:47:47]} 0-1

[Event "World Chess Olympiad 2018"]
[Site "Batumi"]
[Date "2018.09.27"]
[Round "4"]
[Board "2"]
[WhiteFideId "1301837"]
[White "Pelletier Yannick"]
[BlackFideId "14602296"]
[Black "Sebenik Matej"]
[Result "1/2-1/2"]
[LiveChessVersion "1.4.8"]
[BlackElo "2570"]
[WhiteElo "2544"]

1. Nf3 {[%clk 1:30:55]} Nf6 {[%clk 1:30:48]} 2. c4 {[%clk 1:30:56]} e6
{[%clk 1:30:49]} 3. g3 {[%clk 1:31:14]} d5 {[%clk 1:31:11]} 4. Bg2
{[%clk 1:31:24]} dxc4 {[%clk 1:31:17]} 5. Qa4+ {[%clk 1:31:28]} Bd7
{[%clk 1:31:32]} 6. Qxc4 {[%clk 1:31:47]} c5 {[%clk 1:31:38]} 7. Nc3
{[%clk 1:23:31]} Bc6 {[%clk 1:31:11]} 8. O-O {[%clk 1:23:49]} Nbd7
{[%clk 1:30:19]} 9. e4 {[%clk 1:23:13]} b5 {[%clk 1:01:46]} 10. Nxb5
{[%clk 1:23:08]} Bxe4 {[%clk 1:01:40]} 11. d4 {[%clk 1:09:30]} Be7
{[%clk 0:57:43]} 12. Rd1 {[%clk 1:02:46]} O-O {[%clk 0:35:16]} 13. Bg5
{[%clk 0:50:25]} Bd5 {[%clk 0:23:57]} 14. Qe2 {[%clk 0:49:05]} cxd4
{[%clk 0:23:00]} 15. Rac1 {[%clk 0:21:30]} Qb6 {[%clk 0:22:20]} 16. Nfxd4
{[%clk 0:20:41]} Bxg2 {[%clk 0:22:27]} 17. Kxg2 {[%clk 0:21:07]} Rac8
{[%clk 0:20:20]} 18. Nc3 {[%clk 0:16:43]} h6 {[%clk 0:19:41]} 19. Be3
{[%clk 0:16:16]} Qb7+ {[%clk 0:20:07]} 20. Qf3 {[%clk 0:13:34]} Qa6
{[%clk 0:14:40]} 21. Qe2 {[%clk 0:12:39]} Qb7+ {[%clk 0:15:06]} 22. Qf3
{[%clk 0:13:05]} Qa6 {[%clk 0:15:31]} 23. Qe2 {[%clk 0:11:14]} Qb7+
{[%clk 0:15:57]} 1/2-1/2

[Event "World Chess Olympiad 2018"]
[Site "Batumi"]
[Date "2018.09.27"]
[Round "4"]
[Board "3"]
[WhiteFideId "14604299"]
[White "Skoberne Jure"]
[BlackFideId "1300113"]
[Black "Georgiadis Nico"]
[Result "1-0"]
[LiveChessVersion "1.4.8"]
[BlackElo "2522"]
[WhiteElo "2565"]

1. d4 {[%clk 1:30:57]} Nf6 {[%clk 1:30:44]} 2. Nf3 {[%clk 1:31:21]} d5
{[%clk 1:30:59]} 3. Bf4 {[%clk 1:30:47]} c5 {[%clk 1:31:19]} 4. e3
{[%clk 1:30:18]} Nc6 {[%clk 1:31:36]} 5. Nbd2 {[%clk 1:29:59]} Qb6
{[%clk 1:31:04]} 6. dxc5 {[%clk 1:29:33]} Qxb2 {[%clk 1:31:00]} 7. Rb1
{[%clk 1:29:17]} Qc3 {[%clk 1:31:22]} 8. Bb5 {[%clk 1:29:20]} e6 {[%clk 1:31:26]}
9. O-O {[%clk 1:28:37]} Be7 {[%clk 1:30:37]} 10. Ne5 {[%clk 1:27:27]} Bd7
{[%clk 1:29:08]} 11. Nd3 {[%clk 1:24:31]} O-O {[%clk 1:24:43]} 12. Bc7
{[%clk 1:22:35]} b6 {[%clk 1:24:38]} 13. cxb6 {[%clk 0:45:11]} axb6
{[%clk 1:24:47]} 14. a4 {[%clk 0:45:33]} Qa5 {[%clk 1:22:53]} 15. c4
{[%clk 0:41:57]} Rfc8 {[%clk 1:07:47]} 16. Bg3 {[%clk 0:35:56]} Qa7
{[%clk 0:54:57]} 17. Bh4 {[%clk 0:28:35]} dxc4 {[%clk 0:46:19]} 18. Bxf6
{[%clk 0:27:31]} Bxf6 {[%clk 0:35:17]} 19. Nxc4 {[%clk 0:27:47]} Rab8
{[%clk 0:34:26]} 20. Nd6 {[%clk 0:18:47]} Rf8 {[%clk 0:28:14]} 21. Qh5
{[%clk 0:14:51]} Be7 {[%clk 0:22:35]} 22. Nc4 {[%clk 0:15:15]} Na5
{[%clk 0:07:08]} 23. Nce5 {[%clk 0:15:13]} Bxb5 {[%clk 0:07:19]} 24. axb5
{[%clk 0:15:12]} Bd6 {[%clk 0:06:57]} 25. Ra1 {[%clk 0:07:05]} Qb7
{[%clk 0:07:00]} 26. Ra4 {[%clk 0:07:28]} Bxe5 {[%clk 0:04:47]} 27. Nxe5
{[%clk 0:07:52]} f6 {[%clk 0:03:58]} 28. Rh4 {[%clk 0:06:42]} h6 {[%clk 0:00:45]}
29. Ng4 {[%clk 0:04:11]} Rf7 {[%clk 0:00:57]} 30. Rd1 {[%clk 0:02:15]} Rc8
{[%clk 0:01:04]} 31. Qg6 {[%clk 0:00:57]} Kf8 {[%clk 0:01:31]} 32. Rxh6
{[%clk 0:00:45]} Qd5 {[%clk 0:01:17]} 33. Qb1 {[%clk 0:00:34]} Qxd1+
{[%clk 0:00:38]} 34. Qxd1 {[%clk 0:00:57]} gxh6 {[%clk 0:01:05]} 35. h4
{[%clk 0:00:41]} Kg7 {[%clk 0:01:05]} 36. e4 {[%clk 0:00:59]} Nc4
{[%clk 0:01:24]} 37. Qc1 {[%clk 0:01:24]} Kf8 {[%clk 0:01:10]} 38. Qxh6+
{[%clk 0:01:35]} Ke7 {[%clk 0:01:37]} 39. Qg6 {[%clk 0:01:02]} Ne5
{[%clk 0:00:43]} 40. Nxe5 {[%clk 0:31:26]} fxe5 {[%clk 0:31:11]} 41. h5
{[%clk 0:26:33]} Rh8 {[%clk 0:26:56]} 42. Qg5+ {[%clk 0:23:02]} Kd6
{[%clk 0:27:19]} 43. Qe3 {[%clk 0:13:08]} Rxh5 {[%clk 0:26:01]} 44. Qxb6+
{[%clk 0:13:35]} Ke7 {[%clk 0:26:19]} 45. Qc7+ {[%clk 0:13:28]} Kf6
{[%clk 0:26:32]} 46. Qd8+ {[%clk 0:13:47]} Kg6 {[%clk 0:25:47]} 47. Qc8
{[%clk 0:13:02]} Kf6 {[%clk 0:25:08]} 48. Qd8+ {[%clk 0:05:45]} Kg6
{[%clk 0:25:29]} 49. Qg8+ {[%clk 0:05:11]} Kf6 {[%clk 0:25:36]} 50. g4
{[%clk 0:05:20]} Rg5 {[%clk 0:24:08]} 51. Qh8+ {[%clk 0:05:15]} Kg6
{[%clk 0:22:46]} 52. Kf1 {[%clk 0:05:18]} Rxg4 {[%clk 0:15:11]} 53. Qg8+
{[%clk 0:05:21]} Rg7 {[%clk 0:15:35]} 54. Qxe6+ {[%clk 0:05:48]} Kh7
{[%clk 0:15:50]} 55. Qxe5 {[%clk 0:05:42]} R4g5 {[%clk 0:15:40]} 56. Qh2+
{[%clk 0:05:31]} Kg8 {[%clk 0:15:49]} 57. Qb8+ {[%clk 0:05:46]} Kh7
{[%clk 0:16:15]} 58. Ke2 {[%clk 0:03:58]} Re7 {[%clk 0:16:00]} 59. Ke3
{[%clk 0:03:28]} Rgg7 {[%clk 0:15:18]} 60. Qh2+ {[%clk 0:03:37]} Kg8
{[%clk 0:15:43]} 61. Qd6 {[%clk 0:03:47]} Rd7 {[%clk 0:14:57]} 62. Qe6+
{[%clk 0:04:08]} Kh7 {[%clk 0:15:22]} 63. b6 {[%clk 0:04:14]} Rb7
{[%clk 0:15:39]} 64. Qc6 {[%clk 0:03:15]} Rbe7 {[%clk 0:15:45]} 65. Qb5
{[%clk 0:02:54]} Rb7 {[%clk 0:15:46]} 66. Qh5+ {[%clk 0:01:45]} Kg8
{[%clk 0:16:12]} 67. Qc5 {[%clk 0:01:37]} Kh7 {[%clk 0:16:31]} 68. Qc6
{[%clk 0:00:34]} Rbe7 {[%clk 0:16:56]} 69. Qd6 {[%clk 0:00:33]} Rd7
{[%clk 0:16:46]} 70. Qh2+ {[%clk 0:00:53]} Kg8 {[%clk 0:17:11]} 71. f4
{[%clk 0:01:17]} Rg6 {[%clk 0:15:27]} 72. Qh3 {[%clk 0:00:59]} Rgd6
{[%clk 0:12:40]} 73. Qg4+ {[%clk 0:01:05]} Kh7 {[%clk 0:12:38]} 74. e5
{[%clk 0:01:26]} 1-0